[Event "Titled Tuesday intern op 4th Dec"]
[Site "Chess.com INT"]
[Date "2018.12.04"]
[Round "1"]
[White "Laico, Joseph"]
[Black "Hjartarson, Johann"]
[Result "0-1"]
[WhiteElo "2258"]
[BlackElo "2530"]
[PlyCount "64"]
[EventDate "2018.12.04"]
[EventType "swiss (blitz)"]
[EventRounds "10"]
[EventCountry "USA"]
[SourceTitle "EXT 2021"]
[Source "ChessBase"]
[SourceDate "2020.10.23"]
[SourceVersion "1"]
[SourceVersionDate "2020.10.23"]
[SourceQuality "1"]

1. e4 g6 2. d4 Bg7 3. Nf3 d6 4. Nc3 a6 5. a4 b6 6. Be2 Nd7 7. Be3 Bb7 8. 0-0 Ngf6 9. Nd2 e5 10. dxe5 dxe5 11. f3 Qe7 12. Bc4 0-0 13. Qe2 c6 14. Bg5 b5 15. axb5 axb5 16. Bb3 Nc5 17. Rfd1 h6 18. Bh4 b4 19. Na4 Ba6 20. Qe3 Nxb3 21. Nxb3 Bb5 22. Nac5 Bc4 23. Qe1 Bxb3 24. Nxb3 Qb7 25. Nc5 Qb5 26. Qf2 Rfe8 27. h3 Nh5 28. Nd3 g5 29. Bg3 Nf4 30. Bxf4 exf4 31. b3 Rxa1 32. Rxa1 Bxa1 0-1

[Event "Titled Tuesday intern op 4th Dec"]
[Site "Chess.com INT"]
[Date "2018.12.04"]
[Round "10"]
[White "Laico, Joseph"]
[Black "Storey, Charles"]
[Result "0-1"]
[WhiteElo "2272"]
[BlackElo "2228"]
[PlyCount "88"]
[EventDate "2018.12.04"]
[EventType "swiss (blitz)"]
[EventRounds "10"]
[EventCountry "USA"]
[SourceTitle "EXT 2021"]
[Source "ChessBase"]
[SourceDate "2020.10.23"]
[SourceVersion "1"]
[SourceVersionDate "2020.10.23"]
[SourceQuality "1"]

1. e4 g6 2. d4 Bg7 3. Nf3 c5 4. dxc5 Qa5+ 5. Bd2 Qxc5 6. Bc3 Nf6 7. Nbd2 Ng4 8. Qe2 Bxc3 9. bxc3 Qxc3 10. Rb1 Nc6 11. Qc4 Qxc4 12. Bxc4 b6 13. 0-0 Bb7 14. Rfd1 0-0 15. a4 d6 16. Bd5 Rfc8 17. Ng5 Nd8 18. Ba2 Rxc2 19. Bb3 Rc5 20. h4 h6 21. Nh3 Rac8 22. Nf4 Ne5 23. f3 Kf8 24. Kh2 Ndc6 25. Nf1 Na5 26. Bd5 Bxd5 27. Nxd5 Nac4 28. Rb4 e6 29. Nde3 Nxe3 30. Nxe3 Ke7 31. h5 Rc3 32. Nf1 R8c4 33. Rb2 Rc2 34. Rxc2 Rxc2 35. hxg6 fxg6 36. Kg3 Ra2 37. Rd4 Nc6 38. Rc4 Kd7 39. Ne3 Ra3 40. Ng4 Ne5 41. Nxe5+ dxe5 42. Kh3 Kd6 43. Kg3 a5 44. Kh3 Rb3 0-1

[Event "Titled Tuesday intern op 7th Aug"]
[Site "Chess.com INT"]
[Date "2018.08.07"]
[Round "6"]
[White "Poeta, Caio Medeiros"]
[Black "Laico, Joseph"]
[Result "1/2-1/2"]
[WhiteElo "2131"]
[BlackElo "2273"]
[PlyCount "75"]
[EventDate "2018.08.07"]
[EventType "swiss (blitz)"]
[EventRounds "10"]
[EventCountry "USA"]
[SourceTitle "EXT 2021"]
[Source "ChessBase"]
[SourceDate "2020.10.23"]
[SourceVersion "1"]
[SourceVersionDate "2020.10.23"]
[SourceQuality "1"]

1. d4 e6 2. c4 f5 3. e4 fxe4 4. f3 b6 5. Nc3 Bb4 6. h4 Bb7 7. fxe4 Bxe4 8. Bd3 Bxd3 9. Qxd3 Qf6 10. Nf3 Qf5 11. Qxf5 Bxc3+ 12. bxc3 exf5 13. 0-0 Nf6 14. Re1+ Kf7 15. Ne5+ Kf8 16. Rf1 d6 17. Rxf5 Ke7 18. Nd3 Nc6 19. Bg5 Rhf8 20. Raf1 Rf7 21. Nf4 Kd7 22. Nd5 Na5 23. Bxf6 gxf6 24. Nxf6+ Kc6 25. d5+ Kb7 26. R1f4 Raf8 27. g4 Nxc4 28. Rxc4 Rxf6 29. Rcf4 Rxf5 30. Rxf5 Re8 31. Rf7 h5 32. g5 Re4 33. Kf2 Rxh4 34. g6 Rg4 35. g7 a5 36. Kf3 b5 37. Ke3 Kb6 38. Kf3 1/2-1/2

[Event "Titled Tuesday intern op 7th Aug"]
[Site "Chess.com INT"]
[Date "2018.08.07"]
[Round "2"]
[White "Sharma, Dinesh Kumar"]
[Black "Laico, Joseph"]
[Result "1-0"]
[WhiteElo "2275"]
[BlackElo "2252"]
[PlyCount "61"]
[EventDate "2018.08.07"]
[EventType "swiss (blitz)"]
[EventRounds "10"]
[EventCountry "USA"]
[SourceTitle "EXT 2021"]
[Source "ChessBase"]
[SourceDate "2020.10.23"]
[SourceVersion "1"]
[SourceVersionDate "2020.10.23"]
[SourceQuality "1"]

1. e4 e6 2. d4 d5 3. Nc3 Nf6 4. e5 Nfd7 5. f4 c5 6. Nf3 Nc6 7. Be3 cxd4 8. Nxd4 Bc5 9. Qd2 0-0 10. 0-0-0 a6 11. h4 Nxd4 12. Bxd4 b5 13. Rh3 b4 14. Na4 Bxd4 15. Qxd4 Qa5 16. b3 Bb7 17. Kb1 Bc6 18. Nb2 Bb5 19. Bd3 Rfc8 20. h5 Rc7 21. f5 Rac8 22. Rd2 Nc5 23. f6 Bxd3 24. Nxd3 Ne4 25. Nxb4 Nxd2+ 26. Qxd2 Rxc2 27. Qg5 Kf8 28. Qxg7+ Ke8 29. Qg8+ Kd7 30. Qxf7+ Kd8 31. Qe7# 1-0

[Event "Titled Tuesday intern op 7th Aug"]
[Site "Chess.com INT"]
[Date "2018.08.07"]
[Round "7"]
[White "Varriale, Luca"]
[Black "Laico, Joseph"]
[Result "1/2-1/2"]
[WhiteElo "2251"]
[BlackElo "2276"]
[PlyCount "55"]
[EventDate "2018.08.07"]
[EventType "swiss (blitz)"]
[EventRounds "10"]
[EventCountry "USA"]
[SourceTitle "EXT 2021"]
[Source "ChessBase"]
[SourceDate "2020.10.23"]
[SourceVersion "1"]
[SourceVersionDate "2020.10.23"]
[SourceQuality "1"]

1. d4 e6 2. e4 d5 3. Nc3 Nf6 4. Bg5 Be7 5. e5 Nfd7 6. h4 h6 7. Bxe7 Qxe7 8. Qd2 a6 9. f4 c5 10. Nf3 Nc6 11. 0-0-0 b5 12. dxc5 Nxc5 13. a3 b4 14. axb4 Nxb4 15. Qd4 0-0 16. g4 Rb8 17. g5 h5 18. g6 fxg6 19. Rg1 Ne4 20. Rxg6 Nxc3 21. bxc3 Nc6 22. Qd3 Rxf4 23. Qe3 Rxf3 24. Qxf3 Nxe5 25. Qg3 Nxg6 26. Qxb8 Qa3+ 27. Kd2 Qc5 28. Bxa6 1/2-1/2

[Event "Titled Tuesday intern op 3rd Oct"]
[Site "Chess.com INT"]
[Date "2017.10.03"]
[Round "2"]
[White "Laico, Joseph"]
[Black "Ben Artzi, Ido"]
[Result "1-0"]
[WhiteElo "2123"]
[BlackElo "2390"]
[PlyCount "71"]
[EventDate "2017.10.03"]
[EventType "swiss (blitz)"]
[EventRounds "10"]
[EventCountry "USA"]
[SourceTitle "EXT 2021"]
[Source "ChessBase"]
[SourceDate "2020.10.23"]
[SourceVersion "1"]
[SourceVersionDate "2020.10.23"]
[SourceQuality "1"]

1. e4 e5 2. Nc3 Nf6 3. f4 d5 4. fxe5 Nxe4 5. Qf3 Nxc3 6. dxc3 c5 7. Bf4 Nc6 8. 0-0-0 Be6 9. Bc4 d4 10. Bxe6 fxe6 11. Kb1 Qb6 12. Ne2 0-0-0 13. Qg4 Na5 14. cxd4 Nc4 15. b3 cxd4 16. Bg5 Na3+ 17. Kb2 Nb5 18. Bxd8 Ba3+ 19. Ka1 Rxd8 20. Nf4 Qc5 21. Qxe6+ Kb8 22. Qc4 Bb2+ 23. Kxb2 Qa3+ 24. Ka1 Nc3 25. Qxc3 dxc3 26. Rxd8+ Kc7 27. Ne6+ Kc6 28. Rd6+ Kb5 29. Rb1 Qb4 30. Nc7+ Kc5 31. Rbd1 Qa3 32. R1d5+ Kb4 33. Rd4+ Ka5 34. Ra4+ Qxa4 35. bxa4 Kxa4 36. Nd5 1-0

[Event "Titled Tuesday intern op 3rd Oct"]
[Site "Chess.com INT"]
[Date "2017.10.03"]
[Round "1"]
[White "Matinian, Nikita"]
[Black "Laico, Joseph"]
[Result "0-1"]
[WhiteElo "2499"]
[BlackElo "2113"]
[PlyCount "88"]
[EventDate "2017.10.03"]
[EventType "swiss (blitz)"]
[EventRounds "10"]
[EventCountry "USA"]
[SourceTitle "EXT 2021"]
[Source "ChessBase"]
[SourceDate "2020.10.23"]
[SourceVersion "1"]
[SourceVersionDate "2020.10.23"]
[SourceQuality "1"]

1. d4 e6 2. Nf3 f5 3. Bg5 Be7 4. h4 b6 5. c3 Bb7 6. Nbd2 Nf6 7. e3 Ne4 8. Bxe7 Qxe7 9. Nxe4 fxe4 10. Ne5 0-0 11. h5 d6 12. Ng6 hxg6 13. hxg6 Qg5 14. Qe2 Qxg6 15. 0-0-0 Ba6 16. Qc2 Bxf1 17. Rdxf1 Nd7 18. Rh4 Nf6 19. Rfh1 d5 20. Qa4 Rae8 21. Qc6 Re7 22. g3 Kf7 23. a4 a5 24. Kb1 Rd7 25. Rf4 Ke7 26. Qb5 Rc8 27. Qb3 Rb8 28. c4 c6 29. c5 Rdb7 30. Qc3 Kd7 31. Rc1 bxc5 32. Qxc5 Rxb2+ 33. Ka1 R8b6 34. Qxa5 Qe8 35. Qa7+ Rb7 36. Qc5 Kc7 37. g4 R2b6 38. g5 Nd7 39. Qc3 Qb8 40. Qc2 Rb2 41. Qxc6+ Kd8 42. Rh4 Rb1+ 43. Ka2 R7b2+ 44. Ka3 Qb3# 0-1

[Event "Titled Tuesday intern op 3rd Oct"]
[Site "Chess.com INT"]
[Date "2017.10.03"]
[Round "5"]
[White "Wagner, Dennis"]
[Black "Laico, Joseph"]
[Result "1-0"]
[WhiteElo "2564"]
[BlackElo "2130"]
[PlyCount "81"]
[EventDate "2017.10.03"]
[EventType "swiss (blitz)"]
[EventRounds "10"]
[EventCountry "USA"]
[SourceTitle "EXT 2021"]
[Source "ChessBase"]
[SourceDate "2020.10.23"]
[SourceVersion "1"]
[SourceVersionDate "2020.10.23"]
[SourceQuality "1"]

1. Nf3 e6 2. g3 b6 3. Bg2 Bb7 4. 0-0 f5 5. c4 Nf6 6. d3 Be7 7. Nc3 0-0 8. Re1 Bb4 9. Bd2 d6 10. a3 Bxc3 11. Bxc3 Qe8 12. b4 Nbd7 13. a4 e5 14. a5 a6 15. axb6 cxb6 16. e4 fxe4 17. Nd2 Kh8 18. dxe4 Qe6 19. Qe2 Rfc8 20. Qd3 Rc7 21. f3 Rac8 22. Bb2 Nb8 23. Bf1 Nc6 24. Qa3 a5 25. bxa5 Nxa5 26. Rad1 Ba6 27. Qb4 Nd7 28. Ba3 Rc6 29. Be2 Nc5 30. Qb1 Nxc4 31. Nxc4 Bxc4 32. Bxc4 Qxc4 33. Rd5 Qa4 34. Bb2 b5 35. Red1 Nb7 36. Qd3 b4 37. Bxe5 Rc2 38. Bxg7+ Kxg7 39. Rg5+ Kf6 40. Qd5 R8c5 41. Rf5+ 1-0